|
|
|
|
| LEADER |
00901nam a2200229 a 4500 |
| 001 |
26970 |
| 008 |
130512s1964 nyu b 001 0 eng d |
| 010 |
|
|
|a 63023220
|
| 040 |
|
|
|a DLC/ICU
|c ICU
|d DLC
|d BD-DhAAL
|
| 082 |
0 |
0 |
|a 519.1
|
| 100 |
1 |
|
|a Bailey, Norman T. J.
|
| 245 |
1 |
4 |
|a The elements of stochastic processes with applications to the natural sciences /
|c Norman T. J. Bailey.
|
| 260 |
|
|
|a New York :
|b John Wiley & Sons;
|c c1964.
|
| 300 |
|
|
|a xi, 249 p.
|c 24 cm.
|
| 490 |
|
2 |
|a A Wiley publication in applied statistics
|
| 504 |
|
|
|a Includes bibliography (p. 234-236) and index.
|
| 541 |
1 |
|
|e 26970
|
| 650 |
|
0 |
|a Stochastic processes.
|
| 650 |
|
0 |
|a Biology
|x Methodology.
|
| 852 |
1 |
|
|a Ayesha Abed Library
|j General Shelf.
|
| 999 |
|
|
|c 13437
|d 13437
|
| 952 |
|
|
|0 0
|1 0
|2 ddc
|4 0
|6 519_100000000000000_BAI
|7 0
|9 22402
|a BRACUL
|b BRACUL
|c GEN
|d 2013-05-19
|e VC of BRACU
|l 0
|o 519.1 BAI
|p 3010026970
|r 2013-05-19
|t 1
|w 2013-05-19
|y BK
|